| 000 | 00591cam a2200193 a 4500 | ||
|---|---|---|---|
| 020 | _a0201142295 (pbk.) : | ||
| 082 | 0 | 0 |
_a005.1 _bSOM _cMCE |
| 100 | 1 |
_aSommerville, Ian, _936616 |
|
| 245 | 1 | 0 |
_aSoftware engineering / _cI. Sommerville. |
| 250 | _a2nd ed. | ||
| 260 |
_aWokingham, Eng. ; _aReading, Mass. : _bAddison-Wesley, _cc1985. |
||
| 300 |
_axi, 334 p. : _bill. ; _c24 cm. |
||
| 500 | _aIncludes index. | ||
| 526 |
_a0 _b0 _c0 _d005_100000000000000_SOM |
||
| 526 |
_a0 _b0 _c0 _d005_100000000000000_SOM |
||
| 650 | 0 |
_aMCE _9379 |
|
| 650 | 0 |
_aSoftware engineering. _92256 |
|
| 942 |
_2ddc _cBK |
||
| 999 |
_c541639 _d541639 |
||